000 00584nam a2200193 4500
001 122940
003 ES-MaACL
005 20230906192054.0
007 t|
008 070214s1980 sp r ||||0| spa d
245 0 0 _aProntuario de logaritmos
_b: [logaritmos] decimales de los números naturales desde 1 a 25.000, con seis cifras.
250 _a4ª ed.
260 _aMadrid [etc.] :
_bEverest,
_c1980.
300 _a94 p ;
_c13 cm.
490 1 _aProntuarios Everest
830 0 _aProntuarios Everest
_9218891
852 _aES-MaACL
_jC-53640
_bR.101880
999 _c122940
_d122940